[Event "Mlada Boleslav Region-ch U20"]
[Site "Mlada Boleslav"]
[Date "2012.06.24"]
[Round "5"]
[White "Mosovska, Frantiska"]
[Black "Kocourkova, Klara"]
[Result "0-1"]
[WhiteElo "1100"]
[BlackElo "1250"]
[PlyCount "76"]
[EventDate "2012.06.23"]
[EventType "swiss"]
[EventRounds "7"]
[EventCountry "CZE"]
[SourceTitle "EXT 2014"]
[Source "ChessBase"]
[SourceDate "2013.11.20"]
[SourceVersion "1"]
[SourceVersionDate "2013.11.20"]
[SourceQuality "1"]

1. e4 d5 2. exd5 Nf6 3. Nc3 Nxd5 4. Bb5+ c6 5. Bc4 Bf5 6. Bxd5 cxd5 7. Nf3 Nc6 8. 0-0 e6 9. d4 Bd6 10. Re1 a6 11. Ne5 Bxe5 12. dxe5 0-0 13. Bf4 Qb6 14. Be3 Qxb2 15. Bc5 Qxc3 16. Bxf8 Rxf8 17. h3 Nxe5 18. Rb1 Bxc2 19. Qc1 Nd3 20. Qe3 Bxb1 21. Rxb1 Qc2 22. Qb6 Qxa2 23. Qb3 Qxf2+ 24. Kh2 Qe2 25. Rd1 Nf4 26. Qf3 Qxf3 27. gxf3 b5 28. Rd4 Ng6 29. f4 Rb8 30. Rb4 a5 31. Rb1 b4 32. Ra1 b3 33. Rb1 a4 34. Kg2 a3 35. Kf2 b2 36. Ke2 a2 37. Rh1 a1Q 38. Rxa1 bxa1Q 0-1

[Event "Mlada Boleslav Region-ch U20"]
[Site "Mlada Boleslav"]
[Date "2012.06.23"]
[Round "4"]
[White "Mayrhofer, Matyas"]
[Black "Mosovska, Frantiska"]
[Result "1-0"]
[WhiteElo "1250"]
[BlackElo "1100"]
[PlyCount "33"]
[EventDate "2012.06.23"]
[EventType "swiss"]
[EventRounds "7"]
[EventCountry "CZE"]
[SourceTitle "EXT 2014"]
[Source "ChessBase"]
[SourceDate "2013.11.20"]
[SourceVersion "1"]
[SourceVersionDate "2013.11.20"]
[SourceQuality "1"]

1. e4 e5 2. Nf3 Nc6 3. Bc4 Nf6 4. Nc3 Bb4 5. d3 0-0 6. a3 Bxc3+ 7. bxc3 d6 8. h3 Be6 9. Bd5 Nxd5 10. exd5 Bxd5 11. c4 Bxf3 12. Qxf3 Nd4 13. Qd1 Re8 14. 0-0 h6 15. Qg4 Qe7 16. Bxh6 Kh7 17. Qxg7# 1-0